[Event "20th EUR-ch"]
[Site "Skopje MKD"]
[Date "2019.03.18"]
[Round "1"]
[White "Ragger, Markus"]
[Black "Perunovic, Miodrag"]
[Result "1-0"]
[WhiteElo "2696"]
[BlackElo "2436"]
[EventDate "2019.03.18"]
[Board "8"]
[PlyCount "81"]

1.e4 e5 2.Nf3 Nf6 3.Nxe5 d6 4.Nf3 Nxe4 5.Bd3 d5 6.Qe2 Qe7 7.O-O Nc5 8.Re1 
Qxe2 9.Bxe2 Be7 10.d4 Ne6 11.c4 dxc4 12.d5 Nc5 13.Bxc4 Bf5 14.Bf4 Nba6 15.
Nc3 Bd3 16.Bxa6 Bxa6 17.Bxc7 Kd7 18.Rxe7+ Kxe7 19.b4 Kd7 20.d6 Nd3 21.b5 
Bxb5 22.Nxb5 Rhe8 23.Kf1 f6 24.Nc3 Re6 25.Rd1 Nc5 26.Nd4 Re5 27.f4 Re3 28.
Nd5 Rd3 29.Rxd3 Nxd3 30.Nf5 Re8 31.g4 Re1+ 32.Kg2 Rd1 33.Nxg7 Ne1+ 34.Kf2 
Rxd5 35.Kxe1 a5 36.Nh5 Ke6 37.f5+ Kf7 38.Nf4 Rd4 39.Ne6 Rd5 40.Nc5 b6 41.
d7 1-0

[Event "20th EUR-ch"]
[Site "Skopje MKD"]
[Date "2019.03.18"]
[Round "1"]
[White "Kourkoulos-Arditis, Stamatis"]
[Black "Grandelius, Nils"]
[Result "0-1"]
[WhiteElo "2435"]
[BlackElo "2694"]
[EventDate "2019.03.18"]
[Board "9"]
[PlyCount "94"]

1.d4 Nf6 2.c4 g6 3.Nf3 Bg7 4.g3 d5 5.Bg2 dxc4 6.O-O Nbd7 7.Na3 Nb6 8.Ne5 
Ng4 9.Nxg4 Bxg4 10.Bxb7 O-O 11.Bxa8 Qxa8 12.f3 Bh3 13.Be3 Rd8 14.Qc2 Bxf1 
15.Rxf1 Bxd4 16.Bxd4 Rxd4 17.Nb5 Rd7 18.Rd1 Nd5 19.Qe4 c6 20.Nd4 Nf6 21.
Qe5 Qd8 22.Rd2 Rd5 23.Qe3 Qd7 24.f4 Ng4 25.Qc3 e5 26.fxe5 Nxe5 27.Kg2 h5 
28.e4 Rd6 29.Nf3 Nd3 30.Rc2 Nf4+ 31.Kf2 Qh3 32.Rd2 Nd3+ 33.Ke3 Qf1 34.b3 
g5 35.Qxc4 g4 36.Rxd3 Qxf3+ 37.Kd2 Qf2+ 38.Kc3 Qe1+ 39.Kc2 Rf6 40.Rd8+ Kh7
41.Rd2 Rf1 42.Kd3 Rf3+ 43.Kc2 Rf1 44.Kd3 a5 45.Qc2 Rf3+ 46.Kd4 Qe3+ 47.Ke5
Qh6 0-1

[Event "20th EUR-ch"]
[Site "Skopje MKD"]
[Date "2019.03.18"]
[Round "1"]
[White "Korobov, Anton"]
[Black "Druska, Juraj"]
[Result "1/2-1/2"]
[WhiteElo "2686"]
[BlackElo "2434"]
[EventDate "2019.03.18"]
[Board "10"]
[PlyCount "78"]

1.d4 Nf6 2.c4 e6 3.Nf3 d5 4.Nc3 c5 5.cxd5 Nxd5 6.e3 cxd4 7.exd4 Nxc3 8.
bxc3 Qc7 9.Bd2 Nd7 10.Bd3 Bd6 11.O-O b6 12.c4 Bb7 13.d5 Nc5 14.Bc3 O-O 15.
Bc2 e5 16.Re1 Rae8 17.Ng5 g6 18.f4 e4 19.Qd4 f6 20.Rxe4 Nb3 21.axb3 Bc5 
22.Ne6 Rxe6 23.Rxe6 Bxd5 24.cxd5 Bxd4+ 25.Bxd4 Qxc2 26.d6 Qf5 27.Rae1 Qd5 
28.Ba1 a5 29.h3 b5 30.Kh2 Qd2 31.R1e3 b4 32.f5 Rf7 33.fxg6 hxg6 34.Rg3 Qd5
35.Rxg6+ Kh7 36.Rgxf6 Rxf6 37.Rxf6 Qxb3 38.d7 Qd5 39.Rf7+ Qxf7 1/2-1/2

[Event "20th EUR-ch"]
[Site "Skopje MKD"]
[Date "2019.03.18"]
[Round "1"]
[White "Tomazini, Zan"]
[Black "Cheparinov, Ivan"]
[Result "0-1"]
[WhiteElo "2431"]
[BlackElo "2683"]
[EventDate "2019.03.18"]
[Board "11"]
[PlyCount "62"]

1.e4 e5 2.Nf3 Nc6 3.Bc4 Bc5 4.d3 Nf6 5.Bb3 O-O 6.h3 a5 7.a4 d6 8.c3 Ne7 9.
Nbd2 Ng6 10.Nc4 c6 11.Be3 Bxe3 12.Nxe3 d5 13.Bc2 Re8 14.g3 h6 15.Kf1 Be6 
16.Kg2 Qb6 17.Qc1 Rad8 18.Nh2 Nh5 19.Nhg4 dxe4 20.dxe4 Nhf4+ 21.gxf4 exf4 
22.Nf5 Bxf5 23.exf5 Nh4+ 24.Kh2 Rd2 25.Rf1 Ree2 26.Bd3 Rxd3 27.Qxf4 Qd8 
28.Ra3 Rf3 29.Qd4 Qc7+ 30.Kg1 Rg3+ 31.Kh1 Rxh3+ 0-1

[Event "20th EUR-ch"]
[Site "Skopje MKD"]
[Date "2019.03.18"]
[Round "1"]
[White "Eljanov, Pavel"]
[Black "Todorovic, Goran M"]
[Result "0-1"]
[WhiteElo "2682"]
[BlackElo "2429"]
[EventDate "2019.03.18"]
[Board "12"]
[PlyCount "60"]

1.e4 e5 2.Nf3 Nc6 3.Bb5 a6 4.Ba4 Nf6 5.d3 d6 6.c3 Be7 7.O-O O-O 8.h3 b5 9.
Bc2 Bb7 10.Be3 d5 11.Nbd2 d4 12.cxd4 exd4 13.Bg5 Nh5 14.Bxe7 Qxe7 15.a3 
Rad8 16.Nh2 Nf4 17.Qg4 g5 18.Nhf3 f6 19.Rfe1 Kh8 20.Qg3 Ne5 21.Nxe5 fxe5 
22.Nf3 Rg8 23.a4 Bc8 24.Nh2 h5 25.f3 h4 26.Qf2 Bxh3 27.g3 g4 28.fxg4 hxg3 
29.Qxg3 Bxg4 30.Nxg4 Rxg4 0-1

[Event "20th EUR-ch"]
[Site "Skopje MKD"]
[Date "2019.03.18"]
[Round "1"]
[White "Banzea, Alexandru-Bogdan"]
[Black "Rodshtein, Maxim"]
[Result "0-1"]
[WhiteElo "2427"]
[BlackElo "2673"]
[EventDate "2019.03.18"]
[Board "13"]
[PlyCount "72"]

1.e4 c6 2.d4 d5 3.exd5 cxd5 4.Nf3 Nf6 5.Ne5 g6 6.Bb5+ Nbd7 7.O-O a6 8.Bd3 
Nxe5 9.dxe5 Ng4 10.Qe2 Bg7 11.Bf4 g5 12.Bg3 h5 13.h3 h4 14.Bh2 Nxh2 15.
Kxh2 Qb6 16.c3 f6 17.c4 fxe5 18.cxd5 e4 19.Bxe4 Bxb2 20.Nd2 Bxa1 21.Rxa1 
Qf6 22.Rb1 b5 23.Rb3 Bd7 24.Re3 Rc8 25.Bf3 Kd8 26.Nb3 Rc3 27.Rxc3 Qxc3 28.
Qe4 Rf8 29.Nd4 Rf4 30.Ne6+ Bxe6 31.Qxe6 Qf6 32.Qg8+ Kc7 33.Qa8 Qb6 34.Kg1 
Rc4 35.Qg8 Rc1+ 36.Kh2 Qf6 0-1

[Event "20th EUR-ch"]
[Site "Skopje MKD"]
[Date "2019.03.18"]
[Round "1"]
[White "Nisipeanu, Liviu-Dieter"]
[Black "Parvanian, Ashot"]
[Result "1-0"]
[WhiteElo "2670"]
[BlackElo "2426"]
[EventDate "2019.03.18"]
[Board "14"]
[PlyCount "77"]

1.e4 e6 2.d4 d5 3.Nd2 Nf6 4.e5 Nfd7 5.c3 c5 6.Bd3 Nc6 7.Ne2 cxd4 8.cxd4 f6
9.exf6 Nxf6 10.Nf3 Bd6 11.O-O Qc7 12.Nc3 a6 13.h3 O-O 14.Be3 Bd7 15.Rc1 
Rad8 16.Na4 Qb8 17.Nc5 Bxc5 18.Rxc5 Ne4 19.Bxe4 dxe4 20.Ng5 h6 21.Nxe4 b6 
22.Rh5 Be8 23.Rxh6 gxh6 24.Qg4+ Kh7 25.Qxe6 Bg6 26.Qxc6 Qc8 27.Nf6+ Kh8 
28.Qxb6 Qf5 29.Ng4 h5 30.Ne5 Bh7 31.Qxa6 Rf6 32.Qb7 Rg8 33.h4 Rg7 34.Qd5 
Bg8 35.Qc5 Qe4 36.Bg5 Rf4 37.Qc3 Bd5 38.f3 Qe2 39.Re1 1-0

[Event "20th EUR-ch"]
[Site "Skopje MKD"]
[Date "2019.03.18"]
[Round "1"]
[White "Radovanovic, Nikola"]
[Black "Ponomariov, Ruslan"]
[Result "1/2-1/2"]
[WhiteElo "2426"]
[BlackElo "2667"]
[EventDate "2019.03.18"]
[Board "15"]
[PlyCount "74"]

1.d4 Nf6 2.c4 c5 3.d5 b5 4.cxb5 a6 5.bxa6 g6 6.Nc3 Bg7 7.Nf3 O-O 8.a7 Rxa7
9.e4 e6 10.Be2 exd5 11.exd5 d6 12.O-O Na6 13.Bf4 Nc7 14.Qd2 Re8 15.Rae1 
Ne4 16.Nxe4 Rxe4 17.b3 Nxd5 18.Bg5 Nf6 19.Bc4 Bb7 20.Rxe4 Bxe4 21.Rd1 d5 
22.a4 Qb6 23.Bb5 d4 24.Bc4 Qb7 25.Bxf6 Bxf6 26.Qf4 Kg7 27.Ne1 Ra8 28.Qd6 
Qe7 29.Qxe7 Bxe7 30.Nd3 Bd6 31.Re1 Bb7 32.f3 h5 33.Ne5 Re8 34.Nd3 Ra8 35.
Ne5 Re8 36.Nd3 Rd8 37.Ne5 Re8 1/2-1/2

[Event "20th EUR-ch"]
[Site "Skopje MKD"]
[Date "2019.03.18"]
[Round "1"]
[White "Berkes, Ferenc"]
[Black "Kacharava, Nikolozi"]
[Result "1-0"]
[WhiteElo "2666"]
[BlackElo "2424"]
[EventDate "2019.03.18"]
[Board "16"]
[PlyCount "119"]

1.d4 d5 2.Nf3 Nf6 3.g3 e6 4.Bg2 c5 5.c4 Nc6 6.O-O dxc4 7.dxc5 Qxd1 8.Rxd1 
Bxc5 9.Nbd2 c3 10.bxc3 O-O 11.Ne1 Bd7 12.Rb1 Rab8 13.Ne4 Nxe4 14.Bxe4 Be8 
15.Nd3 Bd6 16.Nb4 Nxb4 17.cxb4 Be5 18.b5 f5 19.Bf3 Bg6 20.b6 axb6 21.Rxb6 
Rfd8 22.Rxd8+ Rxd8 23.Bg5 Rd6 24.Rxd6 Bxd6 25.Bxb7 Be8 26.Ba6 Kf7 27.Bc4 
Ba4 28.Kf1 Bb4 29.Bc1 Bc3 30.f3 Ke7 31.e3 e5 32.Ke2 Bb4 33.Bb2 Kd6 34.f4 
exf4 35.gxf4 g6 36.Bg8 Ke7 37.Kd3 h6 38.Bg7 h5 39.Bc3 Bc5 40.Bd4 Bd6 41.
Kc4 Bc7 42.Bd5 Ba5 43.Bc5+ Kf6 44.Bb4 Bb6 45.Bc3+ Ke7 46.Kb4 Bxe3 47.Kxa4 
Bxf4 48.h4 Bg3 49.Kb5 Bxh4 50.a4 Kd6 51.Bf7 g5 52.Bf6 Bf2 53.Bxg5 h4 54.
Bf4+ Kd7 55.a5 h3 56.Bd5 Bg1 57.a6 Bf2 58.Bc4 Bg1 59.Bf1 h2 60.Bxh2 1-0

[Event "20th EUR-ch"]
[Site "Skopje MKD"]
[Date "2019.03.18"]
[Round "1"]
[White "Arsovic, Zoran"]
[Black "Dreev, Alexei"]
[Result "1/2-1/2"]
[WhiteElo "2422"]
[BlackElo "2662"]
[EventDate "2019.03.18"]
[Board "17"]
[PlyCount "85"]

1.c4 c6 2.e4 d5 3.exd5 cxd5 4.d4 Nf6 5.Nc3 e6 6.Nf3 Bb4 7.cxd5 Nxd5 8.Qc2 
Nc6 9.Bd3 Be7 10.a3 h6 11.O-O O-O 12.Qe2 Re8 13.Bc2 Bf8 14.Rd1 Bd7 15.Qd3 
g6 16.h4 Nxc3 17.bxc3 e5 18.dxe5 Bg4 19.Qe4 Qc8 20.Bf4 Bf5 21.Qe2 Bxc2 22.
Qxc2 Qg4 23.Bg3 Rac8 24.Rd5 Ne7 25.Rd4 Qe6 26.Rd6 Qc4 27.e6 fxe6 28.Rd7 
Qxc3 29.Qxc3 Rxc3 30.Rxb7 Nf5 31.Be5 Rc2 32.g4 Nd6 33.Rxa7 Ne4 34.Bd4 Nxf2
35.Bxf2 Rxf2 36.Kxf2 Bc5+ 37.Ke2 Bxa7 38.Rc1 Rb8 39.Kd3 Bf2 40.Rc6 Rb3+ 
41.Rc3 Rb5 42.Rc6 Rb3+ 43.Rc3 1/2-1/2

[Event "20th EUR-ch"]
[Site "Skopje MKD"]
[Date "2019.03.18"]
[Round "1"]
[White "Safarli, Eltaj"]
[Black "Piesik, Piotr"]
[Result "1/2-1/2"]
[WhiteElo "2662"]
[BlackElo "2420"]
[EventDate "2019.03.18"]
[Board "18"]
[PlyCount "104"]

1.e4 e5 2.Nc3 Nc6 3.g3 Bc5 4.Bg2 a6 5.Nge2 d6 6.d3 Nge7 7.O-O O-O 8.Be3 
Bxe3 9.fxe3 f5 10.Qd2 fxe4 11.Rxf8+ Qxf8 12.Rf1 Qe8 13.dxe4 Be6 14.Nd5 Qd7
15.c4 Rf8 16.Rxf8+ Kxf8 17.a4 Nd8 18.a5 c6 19.Nb6 Qc7 20.Nc3 Nf7 21.b4 Nc8
22.Nca4 Nxb6 23.axb6 Qd8 24.Qe2 Qd7 25.c5 Bb3 26.Nb2 dxc5 27.bxc5 a5 28.
Qe1 a4 29.Qa5 Nd8 30.h4 h6 31.Kh2 Ne6 32.Bh3 Ke7 33.Bf1 g5 34.Be2 gxh4 35.
gxh4 Qd8 36.Qc3 Qf8 37.Nd3 Qf6 38.Kh3 Nd8 39.Kg3 Nf7 40.Bh5 Qf1 41.Ne1 Qc4
42.Qa5 Qxe4 43.Qa8 Qxe3+ 44.Nf3 Nd8 45.Qb8 Bf7 46.Qc7+ Ke8 47.Bxf7+ Nxf7 
48.Qxb7 Nd8 49.Qc7 e4 50.Qe5+ Kf7 51.Qc7+ Ke8 52.Qe5+ Kf7 1/2-1/2

[Event "20th EUR-ch"]
[Site "Skopje MKD"]
[Date "2019.03.18"]
[Round "1"]
[White "Hnydiuk, Aleksander"]
[Black "Melkumian, Hrant"]
[Result "0-1"]
[WhiteElo "2417"]
[BlackElo "2661"]
[EventDate "2019.03.18"]
[Board "19"]
[PlyCount "68"]

1.d4 Nf6 2.c4 g6 3.g3 Bg7 4.Bg2 d5 5.cxd5 Nxd5 6.Nf3 O-O 7.O-O Nc6 8.Nc3 
Bf5 9.Ne1 Be6 10.Nc2 Nxc3 11.bxc3 Na5 12.Ba3 c6 13.Ne3 Re8 14.Qd3 Rc8 15.
Bb4 b5 16.a4 Bc4 17.Bxa5 Qxa5 18.Qc2 Qc7 19.Nxc4 bxc4 20.Rfb1 Qd6 21.e3 c5
22.Rb7 cxd4 23.cxd4 c3 24.Rxa7 e5 25.dxe5 Bxe5 26.Be4 Red8 27.Qb3 Qf6 28.
Bc2 Rd2 29.f4 Bd4 30.Qb7 Bxe3+ 31.Kh1 Rf8 32.Ra6 Qd4 33.Bb3 c2 34.Rf1 Rd1 
0-1

[Event "20th EUR-ch"]
[Site "Skopje MKD"]
[Date "2019.03.18"]
[Round "1"]
[White "Edouard, Romain"]
[Black "Megalios, Konstantinos"]
[Result "1-0"]
[WhiteElo "2658"]
[BlackElo "2416"]
[EventDate "2019.03.18"]
[Board "20"]
[PlyCount "109"]

1.d4 Nf6 2.c4 e6 3.Nc3 Bb4 4.Nf3 c5 5.g3 cxd4 6.Nxd4 O-O 7.Bg2 d5 8.cxd5 
Nxd5 9.Qb3 Nc6 10.Nxc6 bxc6 11.O-O Rb8 12.Qc2 Ba6 13.Na4 Bb5 14.a3 Be7 15.
Bf3 Bxa4 16.Qxa4 Qb6 17.e4 Nc7 18.Bf4 Rbd8 19.Be3 c5 20.Rab1 Nb5 21.e5 Nd4
22.Be4 Qc7 23.f4 Rd7 24.Qc4 Rfd8 25.g4 Qb8 26.Rfd1 a5 27.b4 axb4 28.axb4 
Qa7 29.Ra1 Qb6 30.b5 Ra7 31.Ra6 Qxb5 32.Qxb5 Nxb5 33.Rxd8+ Bxd8 34.Rc6 Rc7
35.Rb6 Nd4 36.Rb8 Rd7 37.f5 f6 38.Bxd4 Rxd4 39.fxe6 Kf8 40.exf6 gxf6 41.
Bf5 h6 42.Kg2 Rd5 43.Bg6 Ke7 44.Rb7+ Kd6 45.Bf7 Bc7 46.Rxc7 Kxc7 47.e7 Re5
48.e8=Q Rxe8 49.Bxe8 Kd6 50.Bg6 Ke5 51.Kg3 c4 52.h3 c3 53.Kh4 Kf4 54.Bf5 
Kf3 55.Kh5 1-0

[Event "20th EUR-ch"]
[Site "Skopje MKD"]
[Date "2019.03.18"]
[Round "1"]
[White "Tica, Sven"]
[Black "Kovalenko, Igor"]
[Result "0-1"]
[WhiteElo "2416"]
[BlackElo "2658"]
[EventDate "2019.03.18"]
[Board "21"]
[PlyCount "58"]

1.d4 g6 2.c4 Bg7 3.Nc3 c5 4.e3 Nf6 5.Nf3 O-O 6.Be2 d5 7.O-O dxc4 8.Bxc4 
Nc6 9.h3 Nd7 10.d5 Nb6 11.Be2 Bxc3 12.dxc6 Qxd1 13.Rxd1 Bg7 14.cxb7 Bxb7 
15.a4 Bc6 16.a5 Na4 17.Ra2 Rab8 18.Rd2 Rb4 19.Ne1 Rfb8 20.Nc2 Rb3 21.Bf3 
Bxf3 22.Rxa4 Ba8 23.Rc4 R3b5 24.Rd7 Rxa5 25.Bd2 Ra2 26.Rxc5 Raxb2 27.Rxa7 
Be4 28.Rac7 Rd8 29.Be1 Rb1 0-1

[Event "20th EUR-ch"]
[Site "Skopje MKD"]
[Date "2019.03.18"]
[Round "1"]
[White "Parligras, Mircea-Emilian"]
[Black "Gaehwiler, Gabriel"]
[Result "1-0"]
[WhiteElo "2657"]
[BlackElo "2414"]
[EventDate "2019.03.18"]
[Board "22"]
[PlyCount "61"]

1.Nf3 Nf6 2.c4 e6 3.Nc3 d5 4.e3 c5 5.cxd5 Nxd5 6.Nxd5 exd5 7.b4 cxb4 8.Bb2
Nc6 9.Rc1 Be6 10.Nd4 Nxd4 11.Bxd4 f6 12.Bd3 Bd6 13.Qh5+ Bf7 14.Qg4 O-O 15.
Qf5 g6 16.Qxf6 Qxf6 17.Bxf6 d4 18.Bxd4 Bxa2 19.Ra1 Bf7 20.Rxa7 Rxa7 21.
Bxa7 Ra8 22.Bd4 Bc5 23.Be5 Bd6 24.Bb2 Ra2 25.Bd4 Bc5 26.Bb1 Ra5 27.Bb2 b3 
28.Ke2 Ba3 29.Bxa3 Rxa3 30.Kd3 Ra1 31.Kc3 1-0

[Event "20th EUR-ch"]
[Site "Skopje MKD"]
[Date "2019.03.18"]
[Round "1"]
[White "Fressinet, Laurent"]
[Black "Ioannidis, Evgenios"]
[Result "1-0"]
[WhiteElo "2652"]
[BlackElo "2412"]
[EventDate "2019.03.18"]
[Board "24"]
[PlyCount "61"]

1.d4 d5 2.c4 c6 3.Nf3 Nf6 4.e3 Bf5 5.Nc3 a6 6.Qb3 Ra7 7.Nh4 Bc8 8.Bd2 e6 
9.Nf3 Bd6 10.Qc2 b5 11.e4 b4 12.e5 bxc3 13.Bxc3 O-O 14.Bd3 dxc4 15.Bxc4 
Nd5 16.exd6 Qxd6 17.Ng5 f5 18.O-O Nd7 19.Rfe1 N7b6 20.Bf1 a5 21.Bd2 h6 22.
Nf3 Ba6 23.Rac1 Bxf1 24.Kxf1 Rc8 25.Qc5 Qd7 26.Ne5 Qe7 27.Bxa5 Qxc5 28.
Rxc5 Na4 29.Rxc6 Rb8 30.b4 Kh7 31.Rxe6 1-0

[Event "20th EUR-ch"]
[Site "Skopje MKD"]
[Date "2019.03.18"]
[Round "1"]
[White "Nikitenko, Mihail"]
[Black "Moiseenko, Olexandr"]
[Result "1/2-1/2"]
[WhiteElo "2408"]
[BlackElo "2648"]
[EventDate "2019.03.18"]
[Board "25"]
[PlyCount "118"]

1.e4 c5 2.Nf3 Nc6 3.d4 cxd4 4.Nxd4 Nf6 5.Nc3 e5 6.Ndb5 d6 7.Bg5 a6 8.Bxf6 
gxf6 9.Na3 b5 10.Nd5 f5 11.g3 fxe4 12.Bg2 Bg7 13.Bxe4 Be6 14.Qh5 Rc8 15.c3
Ne7 16.Rd1 Rc5 17.Nb4 Qb6 18.Qg5 Kf8 19.Qe3 f5 20.Bg2 e4 21.Nac2 a5 22.Nd4
Bc4 23.Nbc2 Kf7 24.Nb3 Bxb3 25.axb3 b4 26.cxb4 axb4 27.O-O Rb8 28.Qe2 d5 
29.Kh1 Rbc8 30.Nd4 Kg8 31.f3 Bxd4 32.Rxd4 Rc2 33.Rd2 Rxd2 34.Qxd2 e3 35.
Qd3 d4 36.f4 Qc5 37.Bf3 Kh8 38.Rd1 Rd8 39.Ra1 Rd6 40.Kg2 Kg7 41.h4 Kh6 42.
Kh3 Ng8 43.Ra6 Rxa6 44.Qxa6+ Kg7 45.h5 Qe7 46.Kg2 Nf6 47.Kf1 Qc7 48.Kg2 
Qd7 49.Qd3 Ng4 50.Kg1 Nf2 51.Qa6 d3 52.h6+ Kf7 53.Bh5+ Ke7 54.Qc4 Ne4 55.
Qxb4+ Qd6 56.Qb7+ Qd7 57.Qb4+ Qd6 58.Qb7+ Qd7 59.Qb4+ Qd6 1/2-1/2

[Event "20th EUR-ch"]
[Site "Skopje MKD"]
[Date "2019.03.18"]
[Round "1"]
[White "Alexeenko, Kirill"]
[Black "Fernandes, Antonio"]
[Result "1-0"]
[WhiteElo "2644"]
[BlackElo "2405"]
[EventDate "2019.03.18"]
[Board "26"]
[PlyCount "83"]

1.e4 e5 2.Nf3 Nc6 3.Bb5 a6 4.Ba4 Nf6 5.O-O Be7 6.Re1 b5 7.Bb3 d6 8.c3 O-O 
9.h3 Nb8 10.d4 Nbd7 11.c4 Bb7 12.Nc3 c6 13.a3 Re8 14.Qc2 Bf8 15.Bg5 h6 16.
Bh4 g5 17.Bg3 Nh5 18.Bh2 Nf4 19.Rad1 Qe7 20.Ba2 Bg7 21.b4 Nf8 22.a4 a5 23.
Bxf4 gxf4 24.dxe5 dxe5 25.cxb5 axb4 26.bxc6 Bxc6 27.Nd5 Bxd5 28.Bxd5 Rac8 
29.Qe2 Rc5 30.Rc1 Rec8 31.Rxc5 Rxc5 32.Rb1 Ng6 33.Kh2 Bf8 34.Ne1 Rc3 35.
Qg4 Qg5 36.Qd7 Qe7 37.Qf5 Kg7 38.Rxb4 Rc7 39.Rb6 Nh4 40.Qg4+ Ng6 41.Nd3 
Rc3 42.Bxf7 1-0

[Event "20th EUR-ch"]
[Site "Skopje MKD"]
[Date "2019.03.18"]
[Round "1"]
[White "Duzhakov, Ilya"]
[Black "Kuzubov, Yuriy"]
[Result "1/2-1/2"]
[WhiteElo "2405"]
[BlackElo "2644"]
[EventDate "2019.03.18"]
[Board "27"]
[PlyCount "75"]

1.e4 c5 2.Nf3 Nc6 3.d4 cxd4 4.Nxd4 Nf6 5.Nc3 e5 6.Ndb5 d6 7.Bg5 a6 8.Na3 
b5 9.Nd5 Be7 10.Bxf6 Bxf6 11.c3 Rb8 12.Nc2 Bg5 13.a4 bxa4 14.Ncb4 Nxb4 15.
Nxb4 Bd7 16.Bxa6 Qa5 17.Qxd6 Rb6 18.Qd3 Be6 19.Bc4 Rxb4 20.Bxe6 fxe6 21.
cxb4 Qxb4+ 22.Kf1 O-O 23.Qe2 Be7 24.Ra3 Bc5 25.Rf3 Bd4 26.Qa6 Rxf3 27.gxf3
Kf7 28.Qc6 Kf6 29.Qd7 Qd2 30.Qd8+ Kg6 31.Qe8+ Kh6 32.Qxe6+ g6 33.Qh3+ Kg7 
34.Qd7+ Kf6 35.Qd6+ Kf7 36.Qd7+ Kf6 37.Qd6+ Kf7 38.Qd7+ 1/2-1/2

[Event "20th EUR-ch"]
[Site "Skopje MKD"]
[Date "2019.03.18"]
[Round "1"]
[White "Anton Guijarro, David"]
[Black "Soysal, Serkan"]
[Result "1-0"]
[WhiteElo "2643"]
[BlackElo "2405"]
[EventDate "2019.03.18"]
[Board "28"]
[PlyCount "61"]

1.Nf3 d5 2.b3 c5 3.e3 a6 4.Bb2 Nc6 5.g3 Nf6 6.Bg2 Bg4 7.h3 Bh5 8.g4 Bg6 9.
Nh4 e6 10.Nxg6 hxg6 11.d3 Bd6 12.Nd2 Be5 13.c3 g5 14.Nf3 Nd7 15.Qd2 Bc7 
16.c4 Ba5 17.Bc3 Bxc3 18.Qxc3 d4 19.exd4 Qf6 20.Qd2 Nxd4 21.Nxd4 Qxd4 22.
Rd1 O-O-O 23.O-O Ne5 24.Qa5 Nxd3 25.Qb6 Rd7 26.Qa7 Rh6 27.Rd2 Rf6 28.Rfd1 
Rxf2 29.Qa8+ Kc7 30.Qxb7+ Kd8 31.Qxd7+ 1-0

[Event "20th EUR-ch"]
[Site "Skopje MKD"]
[Date "2019.03.18"]
[Round "1"]
[White "Gadimbayli, Abdulla"]
[Black "Zviagintsev, Vadim"]
[Result "1/2-1/2"]
[WhiteElo "2404"]
[BlackElo "2642"]
[EventDate "2019.03.18"]
[Board "29"]
[PlyCount "63"]

1.e4 d6 2.d4 Nf6 3.Nc3 g6 4.Nf3 Bg7 5.Be2 O-O 6.O-O a6 7.Re1 Nc6 8.d5 Ne5 
9.Nxe5 dxe5 10.Bg5 Qd6 11.Qd2 Bd7 12.Qe3 h5 13.a3 Kh7 14.Nb1 Ng4 15.Bxg4 
Bxg4 16.h3 Bc8 17.Qb3 b5 18.c4 bxc4 19.Qxc4 Rb8 20.b4 Bd7 21.Nd2 e6 22.
Rac1 Rfc8 23.Qa2 exd5 24.exd5 Rb5 25.Ne4 Qxd5 26.Qxd5 Rxd5 27.Nf6+ Bxf6 
28.Bxf6 c5 29.bxc5 Rcxc5 30.Rxc5 Rxc5 31.Bxe5 g5 32.Bd4 1/2-1/2

[Event "20th EUR-ch"]
[Site "Skopje MKD"]
[Date "2019.03.18"]
[Round "1"]
[White "Alexeev, Evgeny"]
[Black "Nikolovski, Nikola"]
[Result "1-0"]
[WhiteElo "2640"]
[BlackElo "2404"]
[EventDate "2019.03.18"]
[Board "30"]
[PlyCount "79"]

1.e4 e6 2.d4 d5 3.Bd3 c5 4.exd5 exd5 5.Nf3 c4 6.Be2 Nc6 7.b3 cxb3 8.axb3 
Nf6 9.O-O Be7 10.Ne5 Qb6 11.Nxc6 Qxc6 12.c4 O-O 13.c5 Bf5 14.b4 Ne4 15.Be3
Qg6 16.Bh5 Qe6 17.Re1 a6 18.Be2 Qg6 19.f3 Bg5 20.Bf1 Bxe3+ 21.Rxe3 Ng5 22.
Kh1 h5 23.Nc3 Be6 24.Qe1 Rae8 25.h4 Nh7 26.Nxd5 Nf6 27.Nc7 Rd8 28.Rd1 Rd7 
29.Nxe6 fxe6 30.Rxe6 Qf5 31.Bc4 Kh8 32.d5 Qf4 33.Bb3 g5 34.Qe5 Qxh4+ 35.
Kg1 g4 36.g3 Qh3 37.Rxf6 Rxf6 38.Qxf6+ Kh7 39.Qf5+ Kh8 40.Qf8+ 1-0

[Event "20th EUR-ch"]
[Site "Skopje MKD"]
[Date "2019.03.18"]
[Round "1"]
[White "Zarubitski, Viachaslau"]
[Black "Yilmaz, Mustafa"]
[Result "1/2-1/2"]
[WhiteElo "2404"]
[BlackElo "2636"]
[EventDate "2019.03.18"]
[Board "31"]
[PlyCount "145"]

1.e4 c5 2.Nf3 d6 3.d4 cxd4 4.Nxd4 Nf6 5.Nc3 a6 6.Be2 e5 7.Nb3 Be7 8.Be3 
Be6 9.Nd5 Nbd7 10.Qd3 Bxd5 11.exd5 Rc8 12.c4 O-O 13.O-O Ne8 14.Bg4 e4 15.
Qxe4 Nef6 16.Qd4 Nxg4 17.Qxg4 Ne5 18.Qe2 Nxc4 19.Rac1 Nxe3 20.Rxc8 Qxc8 
21.Qxe3 Bf6 22.Qb6 Bxb2 23.Na5 Be5 24.Qxb7 Qxb7 25.Nxb7 Rc8 26.f4 Bd4+ 27.
Kh1 Rc2 28.Nxd6 Rxa2 29.Rb1 g6 30.g3 Ra1 31.Rxa1 Bxa1 32.Nb7 Kf8 33.d6 Ke8
34.Nc5 a5 35.d7+ Ke7 36.Nb7 Kxd7 37.Nxa5 Kd6 38.Kg2 Kd5 39.Kf3 h5 40.Nb3 
Bc3 41.Nc1 Kc4 42.Ne2 Bd2 43.f5 Kd5 44.Nf4+ Ke5 45.fxg6 fxg6 46.Nxg6+ Kf6 
47.Nf4 Kg5 48.h4+ Kh6 49.Ng2 Ba5 50.Ke4 Bc7 51.Nf4 Ba5 52.Kf5 Be1 53.Ne2 
Bf2 54.Kf6 Be1 55.Ke5 Kg6 56.Kf4 Bd2+ 57.Kf3 Ba5 58.Nf4+ Kh6 59.Ke2 Bb6 
60.Nd5 Ba5 61.Kf3 Kg6 62.Ne7+ Kf6 63.Nd5+ Kg6 64.Ne3 Be1 65.Ng2 Ba5 66.Ke4
Bb4 67.Ke5 Ba5 68.Ke6 Bb6 69.Nf4+ Kh6 70.Nd3 Bc7 71.Ne5 Kg7 72.Kf5 Bd6 73.
g4 1/2-1/2

[Event "20th EUR-ch"]
[Site "Skopje MKD"]
[Date "2019.03.18"]
[Round "1"]
[White "Lysyi, Igor"]
[Black "Atakisi, Umut"]
[Result "1-0"]
[WhiteElo "2635"]
[BlackElo "2403"]
[EventDate "2019.03.18"]
[Board "32"]
[PlyCount "63"]

1.d4 d5 2.c4 c6 3.Nf3 Nf6 4.e3 e6 5.Bd3 Nbd7 6.b3 b6 7.Bb2 Bb7 8.O-O Be7 
9.Nc3 O-O 10.Qe2 h6 11.Rfd1 Qc7 12.Rac1 Rad8 13.cxd5 exd5 14.Bb1 Rfe8 15.
Ne5 Qb8 16.f4 Bb4 17.Qf3 Bxc3 18.Bxc3 Ne4 19.Be1 c5 20.Bh4 f6 21.Bxe4 dxe4
22.Qg4 fxe5 23.Bxd8 Rxd8 24.Qe6+ Kh8 25.dxe5 Nf8 26.Qf7 Re8 27.Rd6 Ba6 28.
f5 Rxe5 29.f6 Rg5 30.Qe7 Qc8 31.Rd8 Rxg2+ 32.Kh1 1-0

[Event "20th EUR-ch"]
[Site "Skopje MKD"]
[Date "2019.03.18"]
[Round "1"]
[White "Drnovsek, Gal"]
[Black "Volokytin, Andriy"]
[Result "0-1"]
[WhiteElo "2402"]
[BlackElo "2635"]
[EventDate "2019.03.18"]
[Board "33"]
[PlyCount "68"]

1.d4 Nf6 2.c4 e6 3.Nc3 Bb4 4.Qc2 b6 5.e4 c5 6.d5 Qe7 7.Be2 d6 8.Be3 O-O 9.
h3 exd5 10.exd5 b5 11.Nf3 bxc4 12.Bxc4 Ba6 13.Bxa6 Nxa6 14.Qd3 Nc7 15.O-O 
Bxc3 16.bxc3 Ncxd5 17.c4 Nxe3 18.Rfe1 Rfe8 19.Rxe3 Qd7 20.Rxe8+ Rxe8 21.
Rd1 Rd8 22.Qa3 Rb8 23.Qc1 h6 24.Qf4 Rb6 25.Kh2 Qc6 26.Qe3 Qe4 27.Qa3 Qxc4 
28.Qxa7 Rb2 29.Qe7 Rxf2 30.Qxd6 Qxa2 31.Qd8+ Kh7 32.Qd3+ g6 33.Rd2 Rxd2 
34.Nxd2 Qd5 0-1

[Event "20th EUR-ch"]
[Site "Skopje MKD"]
[Date "2019.03.18"]
[Round "1"]
[White "Hovhannisian, Robert"]
[Black "Semjonovs, Ilja"]
[Result "1/2-1/2"]
[WhiteElo "2634"]
[BlackElo "2401"]
[EventDate "2019.03.18"]
[Board "34"]
[PlyCount "189"]

1.d4 Nf6 2.Nf3 g6 3.Nbd2 d5 4.e3 Bg7 5.b4 O-O 6.Be2 Bf5 7.O-O Nbd7 8.c4 
dxc4 9.Nxc4 c6 10.Bb2 Nb6 11.Na5 Qc7 12.Rc1 Nbd5 13.a3 Rac8 14.Ne5 Rfd8 
15.Bc4 Qb8 16.Qe2 Be6 17.g3 Nd7 18.Nxd7 Rxd7 19.Bd3 Nb6 20.Rfd1 h5 21.Ba1 
Bg4 22.f3 Be6 23.Qf2 Rcd8 24.Bf1 f5 25.Re1 Bf7 26.Rc2 e5 27.Rd2 exd4 28.
Bxd4 Qc7 29.Red1 Bxd4 30.Rxd4 Rxd4 31.Rxd4 Rxd4 32.exd4 Bd5 33.Qe3 Qf7 34.
Qf4 Kh7 35.h4 Qe7 36.Kf2 Nc8 37.Qe5 b6 38.Nc4 Bxc4 39.Bxc4 Qg7 40.Ke3 a5 
41.bxa5 bxa5 42.Qxa5 f4+ 43.gxf4 Qe7+ 44.Kd3 Qxh4 45.Be6 Qxf4 46.Bxc8 
Qxf3+ 47.Kc2 Qe4+ 48.Kb2 Qe2+ 49.Kc1 Qc4+ 50.Kb1 Qb3+ 51.Kc1 Qc4+ 52.Kd1 
Qxd4+ 53.Qd2 Qa4+ 54.Ke2 Qxa3 55.Qd7+ Kh6 56.Qxc6 Qg3 57.Be6 Qe5+ 58.Kd3 
Qf6 59.Qe4 Kg7 60.Kc4 Kh6 61.Qe3+ Kg7 62.Kb5 Kh7 63.Bc4 Kg7 64.Qa7+ Kh6 
65.Qc7 Qb2+ 66.Kc6 Qf6+ 67.Kb7 Qb2+ 68.Kc6 Qf6+ 69.Kd5 Qf5+ 70.Kd4 Qf6+ 
71.Kd3 Qf1+ 72.Kc2 Qf2+ 73.Kb3 Qf3+ 74.Ka4 Qf6 75.Qd7 Qa1+ 76.Kb5 Qf6 77.
Be6 Qb2+ 78.Kc5 Qc3+ 79.Kd6 Qd4+ 80.Bd5 Qf6+ 81.Kc7 Qg7 82.Bf7 Qf6 83.Qd2+
Kg7 84.Bd5 Kh7 85.Kd7 Kg7 86.Qa2 Kh7 87.Ke8 Kg7 88.Qa7+ Kh6 89.Qc7 Qh8+ 
90.Ke7 Qd4 91.Qd6 Kg7 92.Qe6 Qa7+ 93.Kd8 Qb8+ 94.Kd7 Qa7+ 95.Kd8 1/2-1/2

[Event "20th EUR-ch"]
[Site "Skopje MKD"]
[Date "2019.03.18"]
[Round "1"]
[White "Osmak, Iulija"]
[Black "Fridman, Daniel"]
[Result "1/2-1/2"]
[WhiteElo "2399"]
[BlackElo "2633"]
[EventDate "2019.03.18"]
[Board "35"]
[PlyCount "28"]

1.e4 e5 2.Nf3 Nf6 3.Nxe5 d6 4.Nf3 Nxe4 5.Nc3 Nxc3 6.dxc3 Be7 7.Bf4 O-O 8.
Qd2 Nd7 9.O-O-O Nc5 10.Be3 Ne4 11.Qd4 Nf6 12.h4 c5 13.Qf4 Nh5 14.Qh2 Qa5 
1/2-1/2

[Event "20th EUR-ch"]
[Site "Skopje MKD"]
[Date "2019.03.18"]
[Round "1"]
[White "Lagarde, Maxime"]
[Black "Berzinsh, Roland"]
[Result "1-0"]
[WhiteElo "2631"]
[BlackElo "2397"]
[EventDate "2019.03.18"]
[Board "36"]
[PlyCount "69"]

1.c4 c5 2.Nf3 Nf6 3.Nc3 e6 4.e4 Nc6 5.Be2 d5 6.exd5 exd5 7.d4 Be7 8.Be3 
cxd4 9.Nxd4 O-O 10.O-O Nxd4 11.Bxd4 dxc4 12.Bxc4 Bg4 13.f3 Bf5 14.Bb3 Qd6 
15.Bf2 Rfd8 16.Qxd6 Bxd6 17.Rfe1 a6 18.g4 Bd7 19.Rad1 Bc6 20.g5 Nh5 21.Bb6
Rd7 22.Ne4 Bb4 23.Rxd7 Bxd7 24.Rd1 Be6 25.Bxe6 fxe6 26.Rd7 Rc8 27.Bc7 Rf8 
28.a3 Be1 29.Bd6 Rf5 30.Rxb7 Nf4 31.Bxf4 Rxf4 32.Kg2 Bh4 33.Rb6 a5 34.Rxe6
Rf5 35.Re8+ 1-0